[Event "Barcelona Primavera CE op"]
[Site "Barcelona"]
[Date "2021.05.15"]
[Round "4"]
[White "Cort Hidalgo, Jordi"]
[Black "Cantero Gomez, Jorge"]
[Result "1-0"]
[WhiteElo "1585"]
[BlackElo "1530"]
[PlyCount "93"]
[EventDate "2021.04.24"]
[EventType "swiss"]
[EventRounds "9"]
[EventCountry "ESP"]
[SourceTitle "EXT 2022"]
[Source "ChessBase"]
[SourceDate "2021.10.06"]
[SourceVersion "1"]
[SourceVersionDate "2021.10.06"]
[SourceQuality "1"]

1. e4 e5 2. Nf3 Nf6 3. Nc3 Bb4 4. Bc4 0-0 5. 0-0 d6 6. h3 Bxc3 7. bxc3 Nxe4 8. Bb2 Bf5 9. d3 Nf6 10. Nh4 Bd7 11. Nf3 Bc6 12. Nd2 d5 13. Bb3 Nbd7 14. Nf3 a5 15. a4 b6 16. d4 e4 17. Ne5 Nxe5 18. dxe5 Nd7 19. Qd4 Re8 20. c4 dxc4 21. e6 Nf6 22. exf7+ Kxf7 23. Bxc4+ Bd5 24. Rad1 c6 25. Qe3 Qc7 26. Qc3 Bxc4 27. Qxc4+ Kf8 28. Rfe1 e3 29. fxe3 Re4 30. Qd3 Rae8 31. Ba3+ c5 32. c4 Qc6 33. Bb2 Nh5 34. Rf1+ Kg8 35. Qe2 Ng3 36. Qf3 Nxf1 37. Rxf1 Qg6 38. Qd1 Rxe3 39. Qd5+ Qe6 40. Qb7 Qg6 41. Qd5+ Kh8 42. Rf7 Re1+ 43. Kh2 Qe6 44. Rxg7 Qxd5 45. cxd5 R8e5 46. Rg5 h6 47. Bxe5+ 1-0

[Event "Martorell op 37th C"]
[Site "Martorell"]
[Date "2019.09.14"]
[Round "1.3"]
[White "Roma Alsina, Jaume"]
[Black "Cort Hidalgo, Jordi"]
[Result "0-1"]
[WhiteElo "1664"]
[BlackElo "1819"]
[PlyCount "27"]
[EventDate "2019.09.14"]
[EventType "swiss"]
[EventRounds "9"]
[EventCountry "ESP"]
[SourceTitle "EXT 2024"]
[Source "ChessBase"]
[SourceDate "2023.10.10"]
[SourceVersion "1"]
[SourceVersionDate "2023.10.10"]
[SourceQuality "1"]

1. c4 Nf6 2. d3 g6 3. h3 Bg7 4. Nc3 0-0 5. Rb1 c6 6. Bd2 d5 7. cxd5 cxd5 8. Nf3 Nc6 9. e3 e5 10. e4 d4 11. Ne2 Be6 12. b3 a5 13. Ng5 Nb4 14. Nxe6 0-1

[Event "Foment Martinenc op-B 20th"]
[Site "Barcelona"]
[Date "2018.05.26"]
[Round "6"]
[White "Cort Hidalgo, Jordi"]
[Black "Romero Gamez, Francisco Javier"]
[Result "0-1"]
[WhiteElo "1635"]
[BlackElo "1542"]
[PlyCount "46"]
[EventDate "2018.04.21"]
[EventType "swiss"]
[EventRounds "9"]
[EventCountry "ESP"]
[SourceTitle "CBM 184 Extra"]
[Source "ChessBase"]
[SourceDate "2018.06.28"]
[SourceVersion "1"]
[SourceVersionDate "2018.06.28"]
[SourceQuality "1"]

1. e4 c5 2. c3 d5 3. exd5 Qxd5 4. Nf3 e5 5. d4 cxd4 6. cxd4 exd4 7. Qxd4 Qxd4 8. Nxd4 Bd7 9. Nc3 Nc6 10. Be3 a6 11. Nd5 Bd6 12. Be2 Nge7 13. Bf3 Rc8 14. 0-0 0-0 15. Nb6 Nxd4 16. Bxd4 Rc7 17. Rac1 Bc6 18. Bxc6 Rxc6 19. Rxc6 Nxc6 20. Rd1 Rd8 21. g3 Bc7 22. Re1 Nxd4 23. Nd5 Nf3+ 0-1

[Event "Barcelona Sant Marti op 7th"]
[Site "Barcelona"]
[Date "2018.02.15"]
[Round "6"]
[White "Turon Mora, Joan"]
[Black "Cort Hidalgo, Jordi"]
[Result "1-0"]
[WhiteElo "1822"]
[BlackElo "1614"]
[PlyCount "55"]
[EventDate "2018.01.11"]
[EventType "swiss"]
[EventRounds "9"]
[EventCountry "ESP"]
[SourceTitle "EXT 2019"]
[Source "ChessBase"]
[SourceDate "2018.10.10"]
[SourceVersion "1"]
[SourceVersionDate "2018.10.10"]
[SourceQuality "1"]

1. c4 Nf6 2. Nc3 g6 3. g3 c5 4. Bg2 Bg7 5. Nf3 Nc6 6. 0-0 0-0 7. e3 d5 8. cxd5 Nxd5 9. Nxd5 Qxd5 10. Nd4 Qd7 11. Nxc6 bxc6 12. Qa4 Bb7 13. Rb1 a5 14. b3 Qd6 15. Ba3 Ba6 16. Rfe1 Bb5 17. Qg4 Bd3 18. Rbc1 Bf5 19. Qa4 Qxd2 20. Bxc5 Rab8 21. Red1 Qb2 22. Bxe7 Rfe8 23. Qa3 Rb7 24. Bc5 Qxa3 25. Bxa3 Bg4 26. Rd2 Rc8 27. Rxc6 Rxc6 28. Rd8+ 1-0

[Event "Barcelona Sant Marti op-B 17th"]
[Site "Barcelona"]
[Date "2015.07.21"]
[Round "9"]
[White "Cort Hidalgo, Jordi"]
[Black "Febrero Perez, Lluis"]
[Result "0-1"]
[WhiteElo "1850"]
[BlackElo "1787"]
[PlyCount "66"]
[EventDate "2015.07.13"]
[EventType "swiss"]
[EventRounds "9"]
[EventCountry "ESP"]
[SourceTitle "EXT 2016"]
[Source "ChessBase"]
[SourceDate "2015.10.08"]
[SourceVersion "1"]
[SourceVersionDate "2015.10.08"]
[SourceQuality "1"]

1. e4 e5 2. f4 exf4 3. Nf3 d6 4. d4 Nc6 5. Bxf4 g6 6. Bc4 Bg7 7. 0-0 Nge7 8. c3 0-0 9. Ng5 d5 10. exd5 Nxd5 11. Bxd5 Qxd5 12. Nd2 h6 13. Nge4 Bf5 14. Qf3 Qd7 15. Bxh6 Nxd4 16. cxd4 Qxd4+ 17. Be3 Bxe4 18. Qxe4 Qxe4 19. Nxe4 Rfe8 20. Ng5 Rxe3 21. Rad1 Re7 22. b3 c5 23. Rfe1 Rae8 24. Rxe7 Rxe7 25. Rd8+ Bf8 26. Kf2 b6 27. Kf3 f6 28. Ne4 Kg7 29. Nxf6 Rf7 30. Rd7 Kxf6 31. Rxf7+ Kxf7 32. Ke4 Ke6 33. a4 Bd6 0-1

[Event "Barcelona Sant Marti op-B 17th"]
[Site "Barcelona"]
[Date "2015.07.20"]
[Round "8"]
[White "Centelles Vivas, Aleix"]
[Black "Cort Hidalgo, Jordi"]
[Result "1-0"]
[WhiteElo "2034"]
[BlackElo "1850"]
[PlyCount "107"]
[EventDate "2015.07.13"]
[EventType "swiss"]
[EventRounds "9"]
[EventCountry "ESP"]
[SourceTitle "EXT 2016"]
[Source "ChessBase"]
[SourceDate "2015.10.08"]
[SourceVersion "1"]
[SourceVersionDate "2015.10.08"]
[SourceQuality "1"]

1. e4 c5 2. Nc3 g6 3. f4 Bg7 4. Nf3 Nc6 5. Bc4 e6 6. 0-0 Nge7 7. d3 Na5 8. Bb3 Nxb3 9. axb3 a6 10. Qe1 d5 11. Qh4 0-0 12. Ng5 h6 13. Nf3 d4 14. Ne2 Nc6 15. Qg3 Nb4 16. Ne1 Nc6 17. f5 exf5 18. exf5 g5 19. Bd2 Qe7 20. Qf2 f6 21. g4 Ne5 22. h3 b6 23. Nf3 Bb7 24. Nxe5 Qxe5 25. Ng3 Qd5 26. Rae1 Rfe8 27. Re2 Bc6 28. Rfe1 Kf7 29. Ne4 Kg8 30. Qg3 Qe5 31. Qxe5 fxe5 32. Nd6 Red8 33. Nc4 e4 34. dxe4 d3 35. cxd3 Rxd3 36. Bc3 Bxc3 37. bxc3 Rxc3 38. Re3 Rxe3 39. Rxe3 b5 40. Na5 Be8 41. e5 Kf7 42. Nb7 c4 43. bxc4 bxc4 44. Nd6+ Ke7 45. Nxc4 a5 46. Nb6 Rb8 47. Nd5+ Kf7 48. e6+ Kg7 49. Kf2 Bc6 50. Rd3 a4 51. f6+ Kf8 52. Ne7 Be8 53. Nf5 Rb3 54. Nxh6 1-0

[Event "Barcelona Sant Marti op-B 17th"]
[Site "Barcelona"]
[Date "2015.07.15"]
[Round "3"]
[White "Cespedes Llaverias, Llibert"]
[Black "Cort Hidalgo, Jordi"]
[Result "1-0"]
[WhiteElo "1940"]
[BlackElo "1850"]
[PlyCount "71"]
[EventDate "2015.07.13"]
[EventType "swiss"]
[EventRounds "9"]
[EventCountry "ESP"]
[SourceTitle "EXT 2016"]
[Source "ChessBase"]
[SourceDate "2015.10.08"]
[SourceVersion "1"]
[SourceVersionDate "2015.10.08"]
[SourceQuality "1"]

1. e4 c5 2. Nf3 g6 3. d3 Bg7 4. g3 Nc6 5. Bg2 e6 6. Nbd2 Nge7 7. 0-0 0-0 8. Re1 d6 9. c3 Rb8 10. Nf1 b5 11. h4 Qc7 12. h5 e5 13. h6 Bh8 14. Ne3 b4 15. Nh2 Qa5 16. Bd2 Ba6 17. Bf1 Qb6 18. g4 Qd8 19. g5 bxc3 20. bxc3 f5 21. gxf6 Bxf6 22. Neg4 Bh4 23. Nf3 Nc8 24. Be3 Nb6 25. Be2 Nc8 26. Qd2 Rb7 27. Nxh4 Qxh4 28. Bg5 Rb2 29. Qxb2 Qxg5 30. Qc2 Rf4 31. f3 c4 32. Qa4 Bb7 33. Qxc4+ Kf8 34. Rab1 Rxg4+ 35. fxg4 Qe3+ 36. Kg2 1-0

[Event "Barcelona Sant Marti op-B 15th"]
[Site "Barcelona"]
[Date "2013.07.16"]
[Round "4"]
[White "Catala Morales, Joaquim"]
[Black "Cort Hidalgo, Jordi"]
[Result "0-1"]
[WhiteElo "1413"]
[BlackElo "1650"]
[PlyCount "62"]
[EventDate "2013.07.13"]
[EventType "swiss"]
[EventRounds "9"]
[EventCountry "ESP"]
[SourceTitle "CBM 155 Extra"]
[Source "ChessBase"]
[SourceDate "2013.08.26"]
[SourceVersion "1"]
[SourceVersionDate "2013.08.26"]
[SourceQuality "1"]

1. e4 c5 2. Nf3 g6 3. d4 cxd4 4. Nxd4 Bg7 5. Nc3 Nc6 6. Be3 Nf6 7. f3 0-0 8. Qd2 d5 9. 0-0-0 e5 10. Nxc6 bxc6 11. g4 d4 12. Bg5 Qa5 13. Nb1 Qxa2 14. Na3 Rb8 15. c3 Be6 16. c4 Qa1+ 17. Nb1 Rb3 18. Qf2 Rfb8 19. Rd2 Rc3+ 20. Rc2 Qxb2+ 21. Kd1 Qxb1+ 22. Rc1 Qb3+ 23. Rc2 d3 24. Bxd3 Rxd3+ 25. Ke1 Qb4+ 26. Kf1 Qb1+ 27. Bc1 Rd1+ 28. Kg2 Rxh1 29. Kxh1 Bh6 30. h4 Bxc1 31. Kg2 Qxc2 0-1

[Event "Barcelona La Lira op-D 11th"]
[Site "Barcelona"]
[Date "2008.07.19"]
[Round "1.1"]
[White "Cort Hidalgo, Jordi"]
[Black "Blasco Coll, Andreu"]
[Result "1/2-1/2"]
[WhiteElo "1750"]
[BlackElo "1775"]
[PlyCount "84"]
[EventDate "2008.07.19"]
[EventType "tourn"]
[EventRounds "9"]
[EventCountry "ESP"]
[SourceTitle "EXT 2024"]
[Source "ChessBase"]
[SourceDate "2023.10.10"]
[SourceVersion "1"]
[SourceVersionDate "2023.10.10"]
[SourceQuality "1"]

1. e4 c5 2. Nf3 Nc6 3. d4 cxd4 4. Nxd4 Nf6 5. Nc3 d6 6. Be3 e6 7. Bc4 Be7 8. h3 Bd7 9. Ndb5 Bc8 10. Qd2 a6 11. Nd4 Bd7 12. 0-0-0 b5 13. Nxc6 Bxc6 14. Bb3 Nxe4 15. Nxe4 Bxe4 16. Qd4 Bg6 17. Qxg7 Bf6 18. Qh6 Rc8 19. f4 Qc7 20. f5 exf5 21. Bd4 Bxd4 22. Rxd4 Qc5 23. Qg7 Kd7 24. Rhd1 Kc7 25. Bxf7 Kb8 26. Bb3 Rhd8 27. R4d3 a5 28. Rc3 Qe5 29. Rxc8+ Rxc8 30. Qd7 Re8 31. Bd5 Qe3+ 32. Kb1 Qb6 33. Qc6 Qxc6 34. Bxc6 Re5 35. a3 Kc7 36. Bd5 b4 37. axb4 axb4 38. Rd4 Kb6 39. Bb3 Kc5 40. Rc4+ Kb5 41. Rd4 Kc5 42. Rc4+ Kb5 1/2-1/2

[Event "Barcelona La Lira Spring op 1st"]
[Site "Barcelona"]
[Date "2008.05.22"]
[Round "7.16"]
[White "Langer, Christian1111"]
[Black "Cort Hidalgo, Jordi"]
[Result "1-0"]
[WhiteElo "1825"]
[BlackElo "1800"]
[PlyCount "79"]
[EventDate "2008.04.03"]
[EventType "swiss"]
[EventRounds "8"]
[EventCountry "ESP"]
[SourceTitle "EXT 2024"]
[Source "ChessBase"]
[SourceDate "2023.10.10"]
[SourceVersion "1"]
[SourceVersionDate "2023.10.10"]
[SourceQuality "1"]

1. e4 c5 2. c3 d6 3. Nf3 Nf6 4. e5 dxe5 5. Nxe5 g6 6. Bb5+ Nbd7 7. 0-0 Bg7 8. d4 cxd4 9. cxd4 a6 10. Qb3 0-0 11. Bc4 Nxe5 12. dxe5 Ng4 13. e6 Ne5 14. exf7+ Nxf7 15. Bg5 Qc7 16. Nc3 e6 17. Bh4 b5 18. Bxe6 Bxe6 19. Qxe6 Bxc3 20. bxc3 Qxc3 21. Bf6 Qc4 22. Qd7 Qc8 23. Qd2 Qf5 24. Bb2 Rfd8 25. Qc3 Ne5 26. Qxe5 Qxe5 27. Bxe5 Re8 28. Bg3 Re2 29. Rfe1 Rae8 30. f3 a5 31. Rxe2 Rxe2 32. Bc7 a4 33. a3 Rb2 34. Ba5 Kf7 35. Re1 Rb3 36. Bb4 Kf6 37. h3 Kf5 38. Re7 h5 39. Kh2 g5 40. Rb7 1-0